| 000 | 00835nam a22002297a 4500 | ||
|---|---|---|---|
| 999 |
_c19771 _d19771 |
||
| 003 | AR-CdUCM | ||
| 008 | 190514b ||||| |||| 00| 0 spa d | ||
| 040 |
_aMUNICIPALIDAD PROVINCIAL DEL CUSCO _cBIBLIOTECA MUNICIPAL DEL CUSCO |
||
| 082 |
_a902 / _bM99 |
||
| 100 |
_aMyres, John L. _941341 |
||
| 245 | _aEl amanecer de la historia / | ||
| 260 |
_aBuenos Aires : _bFondo de cultura, _c1956. |
||
| 300 |
_a198 páginas ; _c21 cm. |
||
| 440 |
_aColección el amanecer de la historia _n35 _941342 |
||
| 505 | _aContenido : Los pueblos que no tienen historia -- El drama de la historia: escenario y los actores -- El amanecer de la historia de Egipto... | ||
| 650 |
_aLa burguesía _939149 |
||
| 650 |
_aHistoria _9136 |
||
| 650 |
_aAmérica Central _914607 |
||
| 650 |
_aAmérica del Sur _9742 |
||
| 942 |
_2ddc _cLIBROS |
||
| 945 | _arcc | ||